[Event "Tula Sinitsin Memorial"]
[Site "Tula"]
[Date "2010.05.??"]
[Round "17"]
[White "Semenov, Nikolai"]
[Black "Smolskiy, Mikhail"]
[Result "1-0"]
[WhiteElo "2091"]
[BlackElo "1944"]
[PlyCount "103"]
[EventDate "2010.04.??"]
[EventType "tourn"]
[EventRounds "17"]
[EventCountry "RUS"]
[SourceTitle "EXT 2012"]
[Source "ChessBase"]
[SourceDate "2011.11.24"]
[SourceVersion "1"]
[SourceVersionDate "2011.11.24"]
[SourceQuality "1"]

1. e4 Nf6 2. Nc3 e5 3. Nf3 Nc6 4. Bb5 d6 5. d4 exd4 6. Nxd4 Bd7 7. Bxc6 bxc6 8. 0-0 Be7 9. Bf4 0-0 10. e5 dxe5 11. Bxe5 Bd6 12. Re1 Bxe5 13. Rxe5 Ng4 14. Re2 Rb8 15. Rd2 Qc8 16. Na4 Nf6 17. Nc5 Be8 18. h3 h6 19. c3 Rb6 20. Qf3 Nd7 21. Qg4 h5 22. Qg5 f6 23. Qf5 g6 24. Qe6+ Rf7 25. Ndb3 Qd8 26. Rad1 Nxc5 27. Qxf7+ Kxf7 28. Rxd8 Ne6 29. R8d2 c5 30. Re1 Bc6 31. Na5 Bb5 32. b3 g5 33. Nc4 Ra6 34. a4 Bc6 35. f3 h4 36. Kf2 Be8 37. Rde2 Bd7 38. g3 hxg3+ 39. Kxg3 Kg6 40. Rd2 Bc8 41. h4 gxh4+ 42. Kxh4 Nf4 43. Rg1+ Kf7 44. Rd8 Ng6+ 45. Kh5 Bf5 46. Ne3 Nf4+ 47. Kh6 Bg6 48. Rg4 Ne6 49. Rd1 Nf8 50. Rd8 f5 51. Rxf8+ Kxf8 52. Rxg6 1-0

[Event "Tula Sinitsin Memorial"]
[Site "Tula"]
[Date "2010.04.??"]
[Round "3"]
[White "Biriukov, Ilja"]
[Black "Smolskiy, Mikhail"]
[Result "1-0"]
[WhiteElo "2176"]
[BlackElo "1944"]
[PlyCount "23"]
[EventDate "2010.04.??"]
[EventType "tourn"]
[EventRounds "17"]
[EventCountry "RUS"]
[SourceTitle "EXT 2012"]
[Source "ChessBase"]
[SourceDate "2011.11.24"]
[SourceVersion "1"]
[SourceVersionDate "2011.11.24"]
[SourceQuality "1"]

1. e4 c5 2. d4 cxd4 3. c3 dxc3 4. Nxc3 d6 5. Bc4 Nf6 6. e5 dxe5 7. Bxf7+ Kxf7 8. Qxd8 Nc6 9. Qd1 Bg4 10. f3 Rd8 11. Qb3+ Be6 12. Qxb7 1-0

[Event "Tula Sinitsin Memorial"]
[Site "Tula"]
[Date "2010.04.??"]
[Round "11"]
[White "Shibaeva, Lilia"]
[Black "Smolskiy, Mikhail"]
[Result "0-1"]
[WhiteElo "2019"]
[BlackElo "1944"]
[PlyCount "58"]
[EventDate "2010.04.??"]
[EventType "tourn"]
[EventRounds "17"]
[EventCountry "RUS"]
[SourceTitle "EXT 2012"]
[Source "ChessBase"]
[SourceDate "2011.11.24"]
[SourceVersion "1"]
[SourceVersionDate "2011.11.24"]
[SourceQuality "1"]

1. e4 Nf6 2. e5 Nd5 3. c4 Nb6 4. d4 d6 5. f4 dxe5 6. c5 Nd5 7. fxe5 Bf5 8. Nc3 e6 9. Nf3 Nxc3 10. bxc3 Be7 11. Bd3 Bxd3 12. Qxd3 0-0 13. 0-0 Bxc5 14. Ng5 g6 15. Qh3 h5 16. dxc5 Qd5 17. Ba3 c6 18. Qg3 Kg7 19. Rfd1 Qc4 20. Rd4 Qe2 21. Rb4 Nd7 22. Re4 Qc2 23. Ree1 Rae8 24. Ne4 f6 25. exf6+ Nxf6 26. Nxf6 Rxf6 27. c4 Ref8 28. Qb3 Qf2+ 29. Kh1 Qxe1+ 0-1

[Event "Tula Sinitsin Memorial"]
[Site "Tula"]
[Date "2010.04.??"]
[Round "4"]
[White "Smolskiy, Mikhail"]
[Black "Zerzhalova, Svetlana"]
[Result "1-0"]
[WhiteElo "1944"]
[BlackElo "1940"]
[PlyCount "77"]
[EventDate "2010.04.??"]
[EventType "tourn"]
[EventRounds "17"]
[EventCountry "RUS"]
[SourceTitle "EXT 2012"]
[Source "ChessBase"]
[SourceDate "2011.11.24"]
[SourceVersion "1"]
[SourceVersionDate "2011.11.24"]
[SourceQuality "1"]

1. e4 d5 2. exd5 Qxd5 3. d4 Qe4+ 4. Be3 Bf5 5. Na3 e6 6. c3 Bxa3 7. bxa3 Nf6 8. h3 h5 9. Ne2 h4 10. c4 Nbd7 11. Nc3 Qc2 12. Qxc2 Bxc2 13. Nb5 Kd8 14. Bf4 Ne8 15. Rc1 Bf5 16. Be2 a6 17. Nc3 f6 18. Bf3 c6 19. Ne4 g5 20. Bh2 Ke7 21. c5 Bxe4 22. Bxe4 f5 23. Bf3 Ndf6 24. Rb1 f4 25. Rxb7+ Nd7 26. Bxc6 Nef6 27. Bxd7 Nxd7 28. c6 Rab8 29. Rxd7+ Kf6 30. 0-0 Rb2 31. Rc1 Rhb8 32. g3 hxg3 33. fxg3 f3 34. Rf1 Rg2+ 35. Kh1 Rbb2 36. Rxf3+ Kg6 37. Bg1 Rgd2 38. g4 Rd1 39. Rdf7 1-0

[Event "Tula Sinitsin Memorial"]
[Site "Tula"]
[Date "2010.04.??"]
[Round "7"]
[White "Zhukov, Vladimir2222"]
[Black "Smolskiy, Mikhail"]
[Result "0-1"]
[WhiteElo "1934"]
[BlackElo "1944"]
[PlyCount "32"]
[EventDate "2010.04.??"]
[EventType "tourn"]
[EventRounds "17"]
[EventCountry "RUS"]
[SourceTitle "EXT 2012"]
[Source "ChessBase"]
[SourceDate "2011.11.24"]
[SourceVersion "1"]
[SourceVersionDate "2011.11.24"]
[SourceQuality "1"]

1. b4 e5 2. a3 a5 3. b5 d5 4. Bb2 Bd6 5. e3 Be6 6. Nf3 Nd7 7. d4 e4 8. Nfd2 f5 9. c4 Ngf6 10. Nc3 c6 11. a4 f4 12. Be2 fxe3 13. fxe3 Qb8 14. g3 Bxg3+ 15. hxg3 Qxg3+ 16. Kf1 0-0 0-1

[Event "Tula Sinitsin Memorial"]
[Site "Tula"]
[Date "2010.04.??"]
[Round "13"]
[White "Zubarev, Valery"]
[Black "Smolskiy, Mikhail"]
[Result "1/2-1/2"]
[WhiteElo "1896"]
[BlackElo "1944"]
[PlyCount "76"]
[EventDate "2010.04.??"]
[EventType "tourn"]
[EventRounds "17"]
[EventCountry "RUS"]
[SourceTitle "EXT 2012"]
[Source "ChessBase"]
[SourceDate "2011.11.24"]
[SourceVersion "1"]
[SourceVersionDate "2011.11.24"]
[SourceQuality "1"]

1. e4 Nf6 2. e5 Nd5 3. Nc3 Nxc3 4. dxc3 Nc6 5. Nf3 g6 6. Bc4 e6 7. 0-0 d5 8. exd6 Qxd6 9. Be3 Bd7 10. Bg5 Bg7 11. Nd2 f5 12. Re1 h6 13. Bh4 0-0 14. f3 Be5 15. Nf1 Qc5+ 16. Ne3 Rf7 17. Bf2 Qf8 18. Qe2 a6 19. a3 Re8 20. Ba2 Kh8 21. Nc4 Bf6 22. Rad1 b5 23. Nd2 Ne5 24. Bd4 Nc6 25. Bxf6+ Rxf6 26. Nb3 Qe7 27. Qe3 f4 28. Qf2 e5 29. Nc5 Bc8 30. Ne4 Rf5 31. Qc5 Qxc5+ 32. Nxc5 Re7 33. Bd5 Nb8 34. Be4 Rf8 35. Rd2 Bf5 36. Red1 Bxe4 37. Nxe4 Rff7 38. Nc5 a5 1/2-1/2

[Event "Tula Efremenkov Memorial"]
[Site "Tula"]
[Date "2008.01.08"]
[Round "7"]
[White "Maslova, Elena"]
[Black "Smolskiy, Mikhail"]
[Result "1-0"]
[WhiteElo "2027"]
[BlackElo "2025"]
[PlyCount "99"]
[EventDate "2008.01.02"]
[EventType "tourn"]
[EventRounds "9"]
[EventCountry "RUS"]
[SourceTitle "CBM 122 Extra"]
[Source "ChessBase"]
[SourceDate "2008.03.04"]
[SourceVersion "1"]
[SourceVersionDate "2008.03.04"]
[SourceQuality "1"]

1. e4 e5 2. d4 exd4 3. Bc4 c6 4. Qxd4 Qb6 5. Qe5+ Ne7 6. Be3 Qb4+ 7. Nd2 d6 8. Qh5 g6 9. Qf3 Be6 10. Bxe6 fxe6 11. Qf6 Rg8 12. Qxe6 Qxb2 13. Rb1 Qxc2 14. Ngf3 b6 15. Bg5 Rg7 16. Bf6 Nd7 17. Bxg7 Nc5 18. Qc4 Nd3+ 19. Kf1 Qxc4 20. Nxc4 Bxg7 21. Nxd6+ Kd7 22. Rd1 Nb2 23. Rd2 Kc7 24. Ng5 Bc3 25. Rc2 Na4 26. Nc4 b5 27. Ne3 h6 28. Ne6+ Kd6 29. Nf4 g5 30. Ne2 Bb4 31. Ng3 c5 32. h4 Kc7 33. hxg5 hxg5 34. Rh7 Kd6 35. Rg7 Bc3 36. Rxg5 Bf6 37. Ngf5+ Ke6 38. Rh5 Ng8 39. Nd5 Be5 40. f4 Bd6 41. Rh8 Rf8 42. Nxd6 Kxd6 43. g3 c4 44. Ne3 Nc5 45. Nf5+ Rxf5 46. exf5 Nf6 47. Rh6 Nce4 48. g4 Ke7 49. g5 Ng4 50. Rh7+ 1-0

[Event "Tula Efremenkov Memorial"]
[Site "Tula"]
[Date "2008.01.04"]
[Round "3"]
[White "Smolskiy, Mikhail"]
[Black "Drizgalovich, Mikhail"]
[Result "0-1"]
[WhiteElo "2025"]
[BlackElo "2212"]
[PlyCount "65"]
[EventDate "2008.01.02"]
[EventType "tourn"]
[EventRounds "9"]
[EventCountry "RUS"]
[SourceTitle "CBM 122 Extra"]
[Source "ChessBase"]
[SourceDate "2008.03.04"]
[SourceVersion "1"]
[SourceVersionDate "2008.03.04"]
[SourceQuality "1"]

1. e4 c5 2. d4 cxd4 3. Nf3 e6 4. Nxd4 Nf6 5. Nc3 d6 6. Bd3 a6 7. a4 Be7 8. 0-0 0-0 9. Be3 b6 10. f4 Bb7 11. Rf3 Nbd7 12. Rg3 Kh8 13. Rh3 g6 14. Qe1 e5 15. Nf3 Ng4 16. Ng5 h5 17. Bd2 exf4 18. Nf3 Nde5 19. Bxf4 b5 20. a5 Kg7 21. Qg3 Bf6 22. Nd5 Bxd5 23. exd5 Nxd3 24. cxd3 Bxb2 25. Ra2 Bf6 26. Rxh5 gxh5 27. h3 Qd7 28. Bxd6 Rfd8 29. Bc7 Rdc8 30. d6 Qe6 31. Rf2 Re8 32. Bb6 Rac8 33. Rf1 0-1

[Event "Tula Efremenkov Memorial"]
[Site "Tula"]
[Date "2008.01.03"]
[Round "2"]
[White "Chubakov, Oleg"]
[Black "Smolskiy, Mikhail"]
[Result "1-0"]
[WhiteElo "2184"]
[BlackElo "2025"]
[PlyCount "75"]
[EventDate "2008.01.02"]
[EventType "tourn"]
[EventRounds "9"]
[EventCountry "RUS"]
[SourceTitle "CBM 122 Extra"]
[Source "ChessBase"]
[SourceDate "2008.03.04"]
[SourceVersion "1"]
[SourceVersionDate "2008.03.04"]
[SourceQuality "1"]

1. d4 Nf6 2. c4 c6 3. Nf3 g6 4. Nc3 Bg7 5. e4 d6 6. Be2 Nbd7 7. 0-0 0-0 8. Qc2 e5 9. Rd1 exd4 10. Nxd4 Re8 11. Bg5 a5 12. Rac1 Qc7 13. b3 Nc5 14. f3 Ne6 15. Nxe6 fxe6 16. Qd2 Nd7 17. Qxd6 Qb6+ 18. Kh1 Be5 19. Qd2 Qc7 20. g3 Nf6 21. Bf1 Nh5 22. Bg2 Rf8 23. Be3 b6 24. f4 Bf6 25. e5 Be7 26. Nb5 cxb5 27. Bxa8 b4 28. Bg2 Ng7 29. Qf2 Bc5 30. Bxc5 bxc5 31. Rd6 Qe7 32. Qxc5 Nf5 33. Rcd1 Kg7 34. Rc6 Qxc5 35. Rxc5 Ne3 36. Rd3 Nf5 37. Kg1 g5 38. h3 1-0

[Event "Tula CC-ch"]
[Site "Tula"]
[Date "2007.12.08"]
[Round "1"]
[White "Zhukov, Vladimir"]
[Black "Smolskiy, Mikhail"]
[Result "1/2-1/2"]
[WhiteElo "1941"]
[BlackElo "2025"]
[PlyCount "59"]
[EventDate "2007.12.08"]
[EventType "swiss"]
[EventRounds "9"]
[EventCountry "RUS"]
[SourceTitle "CBM 122 Extra"]
[Source "ChessBase"]
[SourceDate "2008.03.04"]
[SourceVersion "1"]
[SourceVersionDate "2008.03.04"]
[SourceQuality "1"]

1. b4 e5 2. Bb2 e4 3. e3 f6 4. a3 d5 5. c4 c6 6. cxd5 cxd5 7. Nc3 Be6 8. Nge2 Bf7 9. Rc1 a6 10. Nd4 Nd7 11. d3 exd3 12. Bxd3 Ne7 13. Qg4 Ne5 14. Qe2 Nxd3+ 15. Qxd3 g6 16. 0-0 Bg7 17. Nce2 0-0 18. Nf4 Qd6 19. Rc3 g5 20. Nfe2 Bg6 21. Qd2 f5 22. Rfc1 Nc6 23. Rc5 Nxd4 24. Bxd4 Bxd4 25. Qxd4 Rad8 26. Rc7 Rf7 27. R7c5 Rfd7 28. h3 h5 29. f3 Re7 30. Rc8 1/2-1/2

[Event "Tula Sinitsin Memorial"]
[Site "Tula "]
[Date "2007.04.24"]
[Round "12"]
[White "Krasnov, Yury"]
[Black "Smolskiy, Mikhail"]
[Result "1/2-1/2"]
[WhiteElo "2246"]
[BlackElo "2042"]
[PlyCount "43"]
[EventDate "2007.04.06"]
[EventType "tourn"]
[EventRounds "13"]
[EventCountry "RUS"]
[SourceTitle "EXT 2008"]
[Source "ChessBase"]
[SourceDate "2007.11.25"]
[SourceVersion "1"]
[SourceVersionDate "2007.11.25"]
[SourceQuality "1"]

1. e4 e5 2. Nf3 Nc6 3. d4 exd4 4. Nxd4 Nf6 5. Nxc6 bxc6 6. e5 Qe7 7. Qe2 Nd5 8. c4 Ba6 9. b3 Qh4 10. Bb2 Bb4+ 11. Kd1 Nf4 12. Qe4 Qxf2 13. Bd4 Qh4 14. c5 Bxf1 15. Rxf1 Qh5+ 16. g4 Qxg4+ 17. Kc2 g5 18. a3 Qh3 19. Rxf4 gxf4 20. axb4 Rg8 21. Nd2 Rg2 22. b5 1/2-1/2

[Event "Tula Suetin Memorial op"]
[Site "Tula"]
[Date "2006.11.22"]
[Round "2"]
[White "Smolskiy, Mikhail"]
[Black "Chubakov, Oleg"]
[Result "1/2-1/2"]
[WhiteElo "2070"]
[BlackElo "2159"]
[PlyCount "54"]
[EventDate "2006.11.21"]
[EventType "swiss"]
[EventRounds "9"]
[EventCountry "RUS"]
[SourceTitle "EXT 2010"]
[Source "ChessBase"]
[SourceDate "2010.11.25"]
[SourceVersion "1"]
[SourceVersionDate "2010.11.25"]
[SourceQuality "1"]

1. e4 c5 2. Nf3 e6 3. c4 d6 4. Nc3 Nf6 5. d4 cxd4 6. Nxd4 a6 7. Be3 Qc7 8. Bd3 Nbd7 9. f3 Be7 10. 0-0 0-0 11. f4 Nc5 12. Bc2 b6 13. b4 Ncd7 14. Bd3 Re8 15. g4 Nf8 16. g5 N6d7 17. Qh5 b5 18. e5 bxc4 19. Nxe6 fxe6 20. Bxh7+ Nxh7 21. Qxe8+ Ndf8 22. g6 Bb7 23. Qf7+ Kh8 24. gxh7 Nxh7 25. Qxe6 Qc6 26. Nd5 Qxd5 27. Qxd5 Bxd5 1/2-1/2

[Event "Tula Rassadnev Memorial"]
[Site "Tula"]
[Date "2006.02.21"]
[Round "15"]
[White "Smolskiy, Mikhail"]
[Black "Gurin, Anatolij"]
[Result "0-1"]
[WhiteElo "2076"]
[BlackElo "2225"]
[PlyCount "82"]
[EventDate "2006.02.01"]
[EventType "tourn"]
[EventRounds "15"]
[EventCountry "RUS"]
[SourceTitle "EXT 2007"]
[Source "ChessBase"]
[SourceDate "2006.11.23"]
[SourceVersion "1"]
[SourceVersionDate "2006.11.23"]
[SourceQuality "1"]

1. e4 e6 2. d4 d5 3. e5 c5 4. c3 Nc6 5. f4 Qb6 6. Nf3 Nh6 7. Be2 cxd4 8. c4 dxc4 9. Bxc4 Qb4+ 10. Nbd2 Nf5 11. a3 Qa5 12. Ke2 Ne3 13. Nb3 Nxd1 14. Nxa5 Nxa5 15. Bb5+ Nc6 16. Nxd4 Bd7 17. Bxc6 bxc6 18. Rxd1 Rb8 19. Rd3 c5 20. Rb3 Rb6 21. Rxb6 axb6 22. Nc2 Bc6 23. g4 Be7 24. a4 Kd7 25. Ne3 Ra8 26. Nc4 Bd8 27. b3 b5 28. Nb2 Bd5 29. Be3 Bxb3 30. Bxc5 bxa4 31. Kd3 Kc6 32. Ba3 Bc7 33. Rc1+ Kd7 34. Nc4 f6 35. Ke4 fxe5 36. fxe5 Ra6 37. Rc3 Rc6 38. Rd3+ Ke8 39. Nd6+ Bxd6 40. exd6 Kd7 41. Rf3 Bd5+ 0-1

[Event "Tula Rassadnev Memorial"]
[Site "Tula"]
[Date "2006.02.14"]
[Round "9"]
[White "Kuznezov, Albert"]
[Black "Smolskiy, Mikhail"]
[Result "1-0"]
[WhiteElo "2098"]
[BlackElo "2076"]
[PlyCount "95"]
[EventDate "2006.02.01"]
[EventType "tourn"]
[EventRounds "15"]
[EventCountry "RUS"]
[SourceTitle "EXT 2007"]
[Source "ChessBase"]
[SourceDate "2006.11.23"]
[SourceVersion "1"]
[SourceVersionDate "2006.11.23"]
[SourceQuality "1"]

1. d4 Nf6 2. c4 g6 3. Nc3 Bg7 4. e4 d6 5. f4 0-0 6. Nf3 c5 7. d5 a6 8. a4 Nbd7 9. Be2 e5 10. fxe5 Nxe5 11. Nxe5 dxe5 12. 0-0 Ne8 13. a5 Bd7 14. Be3 Rc8 15. Qd2 Nd6 16. Bg5 f6 17. Bh6 f5 18. Bxg7 Kxg7 19. exf5 Nxf5 20. Bg4 Qh4 21. Bxf5 Bxf5 22. Qe3 Rfe8 23. b3 Qd4 24. Rfe1 Bc2 25. Rac1 Bd3 26. Qxd4 exd4 27. Rxe8 Rxe8 28. Na4 Rc8 29. Re1 Kf7 30. d6 Bf5 31. Re7+ Kf6 32. Rxb7 Rd8 33. Rb6 d3 34. Kf2 Ke5 35. Ke3 Rxd6 36. Rxd6 Kxd6 37. Nb2 g5 38. Nxd3 h5 39. g3 Bg6 40. Kd2 Bf5 41. Kc3 h4 42. Nf2 hxg3 43. hxg3 Ke5 44. Nd3+ Ke4 45. Nxc5+ Kf3 46. Nxa6 Kxg3 47. Nc5 Bc8 48. a6 1-0

[Event "Tula Region-ch sf"]
[Site "Tula "]
[Date "2006.??.??"]
[Round "2"]
[White "Smolskiy, Mikhail"]
[Black "Drizgalovich, Mikhail"]
[Result "1/2-1/2"]
[WhiteElo "2095"]
[BlackElo "2242"]
[PlyCount "66"]
[EventDate "2006.??.??"]
[EventType "swiss"]
[EventRounds "9"]
[EventCountry "RUS"]
[SourceTitle "EXT 2008"]
[Source "ChessBase"]
[SourceDate "2007.11.25"]
[SourceVersion "1"]
[SourceVersionDate "2007.11.25"]
[SourceQuality "1"]

1. e4 c5 2. Nf3 e6 3. d4 cxd4 4. Nxd4 Nf6 5. Bd3 Nc6 6. Nxc6 dxc6 7. 0-0 e5 8. h3 Bc5 9. Bg5 Be6 10. Nd2 h6 11. Bh4 Qc7 12. Bg3 0-0-0 13. a3 g5 14. Qf3 Nd7 15. Bc4 Rdf8 16. b4 Be7 17. Bxe6 fxe6 18. Qb3 Rf6 19. Nf3 Rg6 20. Nd4 Nf8 21. Nf3 Bf6 22. Qc3 Nd7 23. Qc4 Re8 24. Rad1 g4 25. hxg4 Rxg4 26. Rd3 Nb6 27. Qb3 Rxe4 28. a4 Nd5 29. c4 Nf4 30. Rd2 Ne2+ 31. Rxe2 Rxe2 32. Qd3 Ra2 33. Qb3 Re2 1/2-1/2

[Event "Tula Region-ch sf"]
[Site "Tula "]
[Date "2006.??.??"]
[Round "6"]
[White "Smolskiy, Mikhail"]
[Black "Statsenko, Viktor"]
[Result "0-1"]
[WhiteElo "2095"]
[BlackElo "2141"]
[PlyCount "146"]
[EventDate "2006.??.??"]
[EventType "swiss"]
[EventRounds "9"]
[EventCountry "RUS"]
[SourceTitle "EXT 2008"]
[Source "ChessBase"]
[SourceDate "2007.11.25"]
[SourceVersion "1"]
[SourceVersionDate "2007.11.25"]
[SourceQuality "1"]

1. e4 c5 2. d4 cxd4 3. Nf3 Nc6 4. Bc4 Nf6 5. Nxd4 e6 6. Nxc6 bxc6 7. Bd3 d5 8. e5 Nd7 9. Qe2 Qc7 10. f4 Qb6 11. c3 Nc5 12. Bc2 Ba6 13. Qe3 Nd3+ 14. Bxd3 Qxe3+ 15. Bxe3 Bxd3 16. b4 a5 17. bxa5 Rxa5 18. Nd2 c5 19. Kf2 c4 20. a4 Be7 21. Bb6 Ra6 22. a5 Kd7 23. Nf3 Rha8 24. Nd4 Be4 25. Rhe1 g5 26. Rxe4 Rxb6 27. Re2 Rba6 28. Rb2 R8a7 29. f5 Bc5 30. f6 Bxd4+ 31. cxd4 Kc7 32. Rb5 Rb7 33. Rab1 Rxb5 34. Rxb5 Ra7 35. h4 gxh4 36. Kf3 Rb7 37. Rc5+ Kb8 38. a6 Rb3+ 39. Kg4 Rd3 40. a7+ Kb7 41. Rc7+ Ka8 42. Rxf7 Rxd4+ 43. Kh3 Rf4 44. Rxh7 c3 45. Rxh4 c2 46. Rh8+ Kxa7 47. Rc8 Rc4 48. Rxc4 dxc4 49. f7 c1Q 50. f8Q Qe3+ 51. Kg4 Qe4+ 52. Kh3 Qh7+ 53. Kg4 Qg6+ 54. Kh4 Qe4+ 55. Kh3 Qxe5 56. Qa3+ Kb6 57. Qb4+ Qb5 58. Qd6+ Qc6 59. Qb4+ Ka6 60. Qa3+ Kb5 61. Qb2+ Kc5 62. Qe5+ Kb4 63. Qd4 Qd5 64. Qb2+ Kc5 65. g4 Qh1+ 66. Kg3 Qe1+ 67. Kf4 c3 68. Qa3+ Kc4 69. Qa4+ Kd3 70. Qa6+ Kd2 71. Qd6+ Kc2 72. g5 Qd2+ 73. Ke5 Qxg5+ 0-1

[Event "Tula CC-ch"]
[Site "Tula"]
[Date "2005.10.18"]
[Round "4"]
[White "Smolskiy, Mikhail"]
[Black "Zaitsev, Alexander"]
[Result "0-1"]
[WhiteElo "2080"]
[BlackElo "2410"]
[PlyCount "84"]
[EventDate "2005.10.15"]
[EventType "swiss"]
[EventRounds "9"]
[EventCountry "RUS"]
[SourceTitle "EXT 2006"]
[Source "ChessBase"]
[SourceDate "2005.11.24"]
[SourceVersion "1"]
[SourceVersionDate "2005.11.24"]
[SourceQuality "1"]

1. e4 c5 2. d4 cxd4 3. Nf3 d6 4. Nxd4 Nf6 5. Nc3 a6 6. Bd3 g6 7. 0-0 Bg7 8. Re1 0-0 9. h3 b5 10. a3 Bb7 11. Nde2 Nbd7 12. Ng3 Rc8 13. Bd2 Nb6 14. Rb1 Nfd7 15. Bf1 Nc4 16. Bxc4 Rxc4 17. Re2 Re8 18. Qe1 Rc8 19. Qc1 Nb6 20. Nd1 Qc7 21. Bc3 e5 22. Ba5 Qc6 23. b3 d5 24. Qe3 Nd7 25. exd5 Qxd5 26. f3 f5 27. Rd2 Qc6 28. Qc3 Qe6 29. Qe3 Nf6 30. Re2 Nd5 31. Qd2 Nf4 32. Rf2 Bf6 33. Kh2 Bg5 34. Ne3 Nd5 35. Ngf1 e4 36. Re1 Nxe3 37. Nxe3 exf3 38. gxf3 Bxe3 39. Qe2 Qd6+ 40. Kg2 Bxf2 41. Qxe8+ Rxe8 42. Rxe8+ Kf7 0-1

[Event "RUS-Cup sf 09"]
[Site "Tula"]
[Date "2005.09.09"]
[Round "3"]
[White "Burimov, Sergey"]
[Black "Smolskiy, Mikhail"]
[Result "1-0"]
[WhiteElo "2058"]
[BlackElo "2080"]
[PlyCount "51"]
[EventDate "2005.09.06"]
[EventType "swiss"]
[EventRounds "7"]
[EventCountry "RUS"]
[SourceTitle "CBM 108 Extra"]
[Source "ChessBase"]
[SourceDate "2005.11.04"]
[SourceVersion "1"]
[SourceVersionDate "2005.11.04"]
[SourceQuality "1"]

1. e4 e5 2. Nf3 Nc6 3. Bc4 d6 4. d4 exd4 5. Nxd4 Ne5 6. Bb3 Nf6 7. 0-0 c5 8. Ne2 b5 9. f4 Ng6 10. e5 c4 11. exf6 Qb6+ 12. Qd4 gxf6 13. Be3 Qxd4 14. Nxd4 cxb3 15. axb3 Bd7 16. Nc3 Rg8 17. Nd5 Kd8 18. Nxf6 Rg7 19. Nxd7 Kxd7 20. Nxb5 Nh4 21. g3 Nf5 22. Bxa7 d5 23. Rfd1 h5 24. Rxd5+ Ke6 25. Re5+ Kf6 26. Ra6+ 1-0